Le infernali macchine del desiderio /

সংরক্ষণ করুন:
গ্রন্থ-পঞ্জীর বিবরন
প্রধান লেখক: Carter, Angela (লেখক)
অন্যান্য লেখক: Perria, Lidia
বিন্যাস: গ্রন্থ
ভাষা:ইতালিয়
প্রকাশিত: Milano : Interno giallo, 1989
মালা:IperFiction
ট্যাগগুলো: ট্যাগ যুক্ত করুন
কোনো ট্যাগ নেই, প্রথমজন হিসাবে ট্যাগ করুন!

MARC

LEADER 00000nam a22000007i 4500
001 IT\ICCU\CFI\0205645
003 ItRI
005 20260115231907.0
008 920511s1989 it |||||| ||||| |||||c
020 |a 8835600049 
040 |b ita  |c importazione bologna sebina 
041 7 |a ita  |2 ISO-639-2 
082 |a 823.914  |9 NARRATIVA INGLESE. 1945-  |2 12 
100 1 |a Carter, Angela  |0 IT\ICCU\CFIV\030309  |4 aut 
240 1 4 |a The infernal desire machines of doctor Hoffman.  |3 IT\ICCU\CFI\0205646  |9 Carter, Angela 
245 1 3 |a Le infernali macchine del desiderio /  |c Angela Carter ; traduzione di Lidia Perria. 
260 |a Milano :  |b Interno giallo,  |c 1989 
300 |a 276 p. ;  |c 23 cm. 
700 1 |a Perria, Lidia  |0 IT\ICCU\CFIV\007702 
790 1 |a Stalker, Angela Olive  |3 IT\ICCU\SBNV\089448  |z Carter, Angela 
830 0 |a IperFiction  |0 IT\ICCU\CFI\0171494 
942 |2 ddc  |c BK  |n 0 
952 |0 0  |1 0  |4 0  |6 DOC_823_914000000000000_CAR  |7 0  |9 15609  |a BO  |b BO  |d 2026-01-15  |i 8520  |l 0  |o DOC 823.914 CAR  |p BO8520  |r 2026-01-15 23:19:07  |w 2026-01-15  |x [Sebina 5] [1 v.]  |y BK  |z 1 v. 
999 |c 13429  |d 13429